000 00471nam a2200181Ia 4500
008 170705s9999 xx 000 0 und d
020 _a9780590458139
245 4 _aThe blind men and the elephant /
245 _cKaren Backstein ; illustrated by Annie Mitra.
260 _aNew York :
260 _bScholastic,
260 _c1992
300 _aunpaged :
300 _bcolor illustration ;
300 _c23cm.
440 _aHello reader! Level 3.
500 _a280
999 _c335386
_d335386